00291nam a2200109Ia 4500008004100000041001200041082001100053100002100064245008400085260000600169650000600175221030s9999 xx 000 0 und d aEnglish a105.23 aB. Govindarajalu 0aIBM PC & Clones Hardware, Trouble - Shooting & Maintenancecby B. Govindarajalu c0 aB